Pest management : (Record no. 37271)
[ view plain ]
| 000 -LEADER | |
|---|---|
| fixed length control field | 00995nam a2200289 a 4500 |
| 001 - CONTROL NUMBER | |
| control field | 37271 |
| 003 - CONTROL NUMBER IDENTIFIER | |
| rucl marc code | UkOxU |
| 005 - DATE AND TIME OF LATEST TRANSACTION | |
| control field | 20211209052608.0 |
| 008 - FIXED-LENGTH DATA ELEMENTS--GENERAL INFORMATION | |
| fixed length control field | 920114s1995 enk 001 0 eng d |
| 020 ## - INTERNATIONAL STANDARD BOOK NUMBER | |
| International Standard Book Number | 0851986757 |
| International Standard Book Number | 0851987435 (v.2) |
| 035 ## - SYSTEM CONTROL NUMBER | |
| System control number | CURL 020000605316(Edi) from agbc399 |
| 040 ## - CATALOGING SOURCE | |
| Original cataloging agency | BD-RjUL |
| Language of cataloging | eng |
| Transcribing agency | BD-RjUL |
| 041 ## - LANGUAGE CODE | |
| Language code of text/sound track or separate title | eng |
| 082 ## - DEWEY DECIMAL CLASSIFICATION NUMBER | |
| Classification number | 632.9 |
| Author mark and year | PES 1995 |
| 100 1# - MAIN ENTRY--PERSONAL NAME | |
| Personal name | Hamilton, Chris J. |
| 9 (RLIN) | 114181 |
| 245 10 - TITLE STATEMENT | |
| Title | Pest management : |
| Remainder of title | a directory of information sources / |
| Statement of responsibility, etc. | compiled by C.J. Hamilton |
| Number of part/section of a work | Vol.2, |
| Name of part/section of a work | Animal health. |
| 260 ## - PUBLICATION, DISTRIBUTION, ETC. (IMPRINT) | |
| Place of publication, distribution, etc. | Wallingford : |
| Name of publisher, distributor, etc. | CAB International, |
| Date of publication, distribution, etc. | c1995 |
| 300 ## - PHYSICAL DESCRIPTION | |
| Pagination | 290 p. ; |
| Size | 24 cm |
| 504 ## - BIBLIOGRAPHY, ETC. NOTE | |
| Bibliography, etc | Includes index. |
| 505 1# - FORMATTED CONTENTS NOTE | |
| Formatted contents note | Contents: Vol. 1. Crop protection -- v. 2. Animal health |
| 650 #0 - SUBJECT ADDED ENTRY--TOPICAL TERM | |
| Topical term or geographic name as entry element | Pests |
| General subdivision | Control |
| -- | Bibliography |
| 9 (RLIN) | 114182 |
| Topical term or geographic name as entry element | Plant diseases |
| General subdivision | Control |
| -- | Bibliography |
| 9 (RLIN) | 114183 |
| Topical term or geographic name as entry element | Weeds |
| General subdivision | Control |
| -- | Bibliography |
| 9 (RLIN) | 114184 |
| Topical term or geographic name as entry element | Agricultural pests |
| General subdivision | Control |
| -- | Bibliography |
| 9 (RLIN) | 114185 |
| 942 ## - ADDED ENTRY ELEMENTS (KOHA) | |
| Source of classification or shelving scheme | Dewey Decimal Classification |
| Koha item type | Books |
| Lost status | Source of classification or shelving scheme | Damaged status | Not for loan | Permanent Location | Current Location | Date acquired | Source of acquisition | Cost, normal purchase price | Total Checkouts | Full call number | Date last seen | Copy number | Koha item type |
|---|---|---|---|---|---|---|---|---|---|---|---|---|---|
| Dewey Decimal Classification | Not For Loan | Institute of Biological Sciences (IBSc) Library | Institute of Biological Sciences (IBSc) Library | 19/11/2014 | Karim International | 1556.00 | 632.9 PES 1995 | 19/11/2014 | C-1 | Books |